| Tag |
First Indicator |
Second Indicator |
Subfields |
| LEADER |
00000cam a2200000 a 4500 |
| 001 |
in00000012026 |
| 005 |
20151007051740.0 |
| 008 |
850118s1982 mx bj b f00110 spa |
| 010 |
|
|
|a 83235726
|
| 035 |
|
|
|a (OCoLC)09875672
|
| 035 |
|
|
|9 AAA4573AM
|
| 040 |
|
|
|a DLC
|c DLC
|d m/c
|d TXA
|d UtOrBLW
|
| 043 |
|
|
|a n-mx---
|
| 049 |
|
|
|a TXAM
|c [A11030405]
|
| 050 |
0 |
0 |
|a F1219.8.T47
|b P47 1982
|
| 082 |
0 |
|
|a 972/.53
|2 19
|
| 100 |
1 |
|
|a Pérez-Rocha, Emma.
|
| 245 |
1 |
3 |
|a La tierra y el hombre en la Villa de Tacuba durante la Época Colonial /
|c Emma Pérez-Rocha.
|
| 264 |
|
1 |
|a México :
|b Instituto Nacional de Antropología e Historia, Departamento de Etnohistoria,
|c 1982.
|
| 300 |
|
|
|a 162 pages, 36 unnumbered pages :
|b genealogical tables, maps ;
|c 27 cm.
|
| 336 |
|
|
|a text
|b txt
|2 rdacontent
|
| 337 |
|
|
|a unmediated
|b n
|2 rdamedia
|
| 338 |
|
|
|a volume
|b nc
|2 rdacarrier
|
| 490 |
1 |
|
|a Colección científica ;
|v 115.
|a Etnohistoria
|
| 504 |
|
|
|a Bibliography: pages 157-162.
|
| 500 |
|
|
|a Includes index.
|
| 650 |
|
0 |
|a Tepanecas
|x Land tenure.
|
| 650 |
|
0 |
|a Land tenure
|z Mexico
|z Mexico City
|x History.
|
| 651 |
|
0 |
|a Tacuba (Mexico City, Mexico)
|x History.
|
| 651 |
|
0 |
|a Tacuba (Mexico City)
|
| 830 |
|
0 |
|a Colección científica (Instituto Nacional de Antropología e Historia (Mexico)) ;
|v 115.
|
| 830 |
|
0 |
|a Colección científica (Instituto Nacional de Antropología e Historia (Mexico)).
|p Serie Etnohistoria.
|
| 999 |
|
|
|a MARS
|
| 999 |
f |
f |
|s e6f668c9-8239-3580-8ceb-73b591221030
|i 74cdd86b-a022-3006-b999-a1ab10e96189
|t 0
|
| 952 |
f |
f |
|p ric
|a Texas A&M University
|b Rellis Campus
|c Joint Library Facility
|d Remote Storage
|t 0
|e F1219.8.T47 P47 1982
|h Library of Congress classification
|i unmediated -- volume
|m A14811030405
|
| 998 |
f |
f |
|a F1219.8.T47 P47 1982
|t 0
|l Remote Storage
|